Skip to content
VuFind
Language
English
Español
Todo
Libros
eBooks
Revistas
Tesis
Audiovisual
Búsqueda Combinada
All Fields
Title
Author
Subject
Call Number
ISBN/ISSN
Tag
Find
Advanced
los tres chanchitos
Cite this
Text this
Print
Export Record
Export to RefWorks
Export to EndNoteWeb
Export to EndNote
Permanent link
los tres chanchitos
Bibliographic Details
Format:
Libro
Language:
English
Holdings
Description
Preview
Similar Items
Staff View
MARC
LEADER
00000nam a22000007a 4500
003
UAHC
005
20171113163536.0
008
171113b xxu||||| |||| 00| 0 eng d
999
|c
49886
|d
49886
040
|c
uhgfd
082
|2
345
|a
g256
245
|a
los tres chanchitos
942
|2
ddc
|c
BK
Similar Items
La interesante forma de los chanchitos de tierra /
by: Alfaro V., Julia
Observando los polos /
Published: (2021)
La comunicación de los territorios, los destinos y sus marcas : guía práctica de aplicación desde las relaciones públicas /
by: Huertas Roig, Assumpció
Published: (2014)
Descubriendo los ambientes del mundo /
by: Auletta, Cintia
Published: (2020)
Piratas de todos los tiempos /
by: San Juan, Víctor
Published: (2009)